000 00464nam a2200181Ia 4500
001 11378
005 20260306162823.0
008 260306t1993||||xx |||||||||||||| ||spa||
041 _aESP
082 _a985.04
_bD98
100 _aDurand Florez, Luis
_eAUT
245 0 _aEl proceso de independencia en el sur andino:
_bCuzco y La Paz 1805
260 _c1993
300 _a529 páginas :
_c24 cm.
650 _aGEN
654 _aCHU
942 _cLIB
_dJUS
_fJUS
_2ddc
_n
999 _c11378
_d11378